LEADER 03564nas 2200853-a 450 001 996217656803316 005 20240116213021.0 011 $a1873-5525 035 $a(DE-599)ZDB2002283-9 035 $a(OCoLC)43737806 035 $a(CKB)958480310496 035 $a(CONSER)--2001227323 035 $a(EXLCZ)99958480310496 100 $a20000330a19989999 s-- - 101 0 $aeng 135 $aurmnu|||||||| 181 $ctxt$2rdacontent 182 $cc$2rdamedia 183 $acr$2rdacarrier 200 14$aThe Internet and higher education 210 $a[New York, NY] $cElsevier Science Pub. Co.$d1998- 300 $aRefereed/Peer-reviewed 300 $a"A quarterly review of innovations in post-secondary education." 300 $aTitle from title information screen (viewed Mar. 30, 2000). 311 $a1096-7516 531 $aINTERNET AND HIGHER EDUCATION 531 $aTHE INTERNET & HIGHER EDUCATION 531 $aINTERNET HIGH EDUC 531 $aINTERNET HIGH. EDUC 606 $aEducation, Higher$xData processing$vPeriodicals 606 $aInternet in education$vPeriodicals 606 $aComputer-assisted instruction$vPeriodicals 606 $aEducation, Higher$xEffect of technological innovations on$vPeriodicals 606 $aEducational innovations$xPeriodicals 606 $aInternet in education$xPeriodicals 606 $aComputer-assisted instruction$xPeriodicals 606 $aEnseignement$xInnovations$xPériodiques 606 $aInternet en éducation$xPériodiques 606 $aEnseignement supérieur$xInformatique$xPériodiques 606 $aEnseignement assisté par ordinateur$xPériodiques 606 $aEnseignement supérieur$xEffets des innovations sur$vPériodiques 606 $aEnseignement supérieur$xInformatique$vPériodiques 606 $aInternet en éducation$vPériodiques 606 $aEnseignement assisté par ordinateur$vPériodiques 606 $aEducational innovations$2fast$3(OCoLC)fst00903483 606 $aComputer-assisted instruction$2fast$3(OCoLC)fst00872725 606 $aEducation, Higher$xData processing$2fast$3(OCoLC)fst00903042 606 $aEducation, Higher$xEffect of technological innovations on$2fast$3(OCoLC)fst00903051 606 $aInternet in education$2fast$3(OCoLC)fst00977246 608 $aPeriodicals.$2fast 615 0$aEducation, Higher$xData processing 615 0$aInternet in education 615 0$aComputer-assisted instruction 615 0$aEducation, Higher$xEffect of technological innovations on 615 0$aEducational innovations$xPeriodicals. 615 0$aInternet in education$xPeriodicals. 615 0$aComputer-assisted instruction$xPeriodicals. 615 6$aEnseignement$xInnovations$xPériodiques. 615 6$aInternet en éducation$xPériodiques. 615 6$aEnseignement supérieur$xInformatique$xPériodiques. 615 6$aEnseignement assisté par ordinateur$xPériodiques. 615 6$aEnseignement supérieur$xEffets des innovations sur 615 6$aEnseignement supérieur$xInformatique 615 6$aInternet en éducation 615 6$aEnseignement assisté par ordinateur 615 7$aEducational innovations. 615 7$aComputer-assisted instruction. 615 7$aEducation, Higher$xData processing. 615 7$aEducation, Higher$xEffect of technological innovations on. 615 7$aInternet in education. 906 $aJOURNAL 912 $a996217656803316 996 $aThe Internet and higher education$92245711 997 $aUNISA